Normes subsidiàries i complementàries de planejament de l'àmbit de competència de la Comissió d'Urbanisme de Tarragona
Publicado:
[Barcelona] :
Generalitat de Catalunya. Departament de Política Territorial i Obres Públiques. Direcció General d'Urbanisme, DL 1983
Descripción Física:
94 p. ; 21 cm
Colección:
Normes ; 3
Otros Autores:
Catalunya. Direcció General d'Urbanisme
MARC
| LEADER | 00000nam a2200000Ia 4500 | ||
|---|---|---|---|
| 001 | 1491 | ||
| 008 | 160829s9999 xx 000 0 cat d | ||
| 080 | |a B-1-352 | ||
| 100 | |a Catalunya. Comissió d'Urbanisme de Tarragona |9 30876 | ||
| 245 | |a Normes subsidiàries i complementàries de planejament de l'àmbit de competència de la Comissió d'Urbanisme de Tarragona | ||
| 260 | |a [Barcelona] : |b Generalitat de Catalunya. Departament de Política Territorial i Obres Públiques. Direcció General d'Urbanisme, DL 1983 | ||
| 300 | |a 94 p. ; |c 21 cm | ||
| 490 | |a Normes ; 3 | ||
| 650 | |a Ordenances municipals |x Tarragona (Província) II Urbanisme |x Tarragona (Província) |x Normes |9 30877 | ||
| 700 | |a Catalunya. Direcció General d'Urbanisme |9 19611 | ||
| 901 | |a Arxiu | ||
| 942 | |n 1 | ||
| 952 | |0 0 |1 0 |4 0 |6 B1352 |7 1 |9 45554 |a Arxiu |b Arxiu |d 2016-12-01 |l 0 |o B-1-352 |p 1491 |r 2016-12-01 00:00:00 |w 2016-12-01 |y ARXIU | ||
| 999 | |c 48722 |d 48722 | ||